Vista normal
Vista MARC
Entrada Personal Name
Número de registros utilizados en: 4
001 - CONTROL NUMBER
- control field: 9595
003 - CONTROL NUMBER IDENTIFIER
- control field: DLC
005 - DATE AND TIME OF LATEST TRANSACTION
- control field: 20190716114734.0
008 - FIXED-LENGTH DATA ELEMENTS
- fixed length control field: 030819n| acannaabn |a aaa c
010 ## - LIBRARY OF CONGRESS CONTROL NUMBER
- LC control number: no2003083262
035 ## - SYSTEM CONTROL NUMBER
- System control number: (OCoLC)oca06131145
040 ## - CATALOGING SOURCE
- Original cataloging agency: MX-SlUA
- Language of cataloging: spa
- Transcribing agency: Mx-PuUPA
- Modifying agency: Mx-PuUPA
- Description conventions: rda
100 1# - HEADING--PERSONAL NAME
- Personal name: Zamorano García, Enrique,
373 ## - ASSOCIATED GROUP
- Associated group: Escuela Superior de Comercio
- Associated group: Contaduría Pública
374 ## - OCCUPATION
- Occupation: Autor
- Occupation: Maestro decano
- Occupation: Docente
375 ## - GENDER
- Gender: hombre
377 ## - ASSOCIATED LANGUAGE
- Language code: spa
400 1# - SEE FROM TRACING--PERSONAL NAME
- Personal name: García, Enrique Zamorano
670 ## - SOURCE DATA FOUND
- Source citation: Actualización de la información financiera, 1995 :
- Information found: t.p. (Enrique Zamorano García)
670 ## - SOURCE DATA FOUND
- Source citation: La formación ética del contador público, 2010:
- Information found: t.p. (Enrique Zamorano García) de portada
670 ## - SOURCE DATA FOUND
- Source citation: Biblioteca del congreso (Estados Unidos), 16 julio 2019:
- Information found: catálogo electrónico
- Uniform Resource Identifier: https://authorities.loc.gov/cgi-bin/Pwebrecon.cgi?AuthRecID=6029145&v1=1&HC=1&SEQ=20190716124617&PID=uHpk_UtVro0m9gXH6LL1aUnUpU3